Application of Wavelet Analysis to Numerical Modeling of Deformations in Multilevel Hierarchical Structures; AIP Conference Proceedings; Vol. 1683 : Advanced Materials with Hierarchical Structure for New Technologies and Reliable Structures
| Parent link: | AIP Conference Proceedings Vol. 1683 : Advanced Materials with Hierarchical Structure for New Technologies and Reliable Structures.— 2015.— [020032, 4 p.] |
|---|---|
| Հիմնական հեղինակ: | |
| Համատեղ հեղինակ: | |
| Այլ հեղինակներ: | , |
| Ամփոփում: | Title screen This paper proposes a wavelet based numerical method for the solution of elastoplastic problem. The method is based on the Lagrange variational equation of elastic static and the Haar wavelet transform of the components of deformation field. Some examples of analysis of multilevel deformation are shown for the demonstration of the method's capabilities. Some differences in the wavelet spectrums of multilevel inhomogeneous media are shown and discussed. Режим доступа: по договору с организацией-держателем ресурса |
| Լեզու: | անգլերեն |
| Հրապարակվել է: |
2015
|
| Խորագրեր: | |
| Առցանց հասանելիություն: | http://dx.doi.org/10.1063/1.4932722 |
| Ձևաչափ: | MixedMaterials Էլեկտրոնային Գրքի գլուխ |
| KOHA link: | https://koha.lib.tpu.ru/cgi-bin/koha/opac-detail.pl?biblionumber=644873 |
MARC
| LEADER | 00000nla2a2200000 4500 | ||
|---|---|---|---|
| 001 | 644873 | ||
| 005 | 20231101134333.0 | ||
| 035 | |a (RuTPU)RU\TPU\network\9957 | ||
| 035 | |a RU\TPU\network\9945 | ||
| 090 | |a 644873 | ||
| 100 | |a 20151203a2015 k y0engy50 ba | ||
| 101 | 0 | |a eng | |
| 105 | |a y z 100zy | ||
| 135 | |a drcn ---uucaa | ||
| 181 | 0 | |a i | |
| 182 | 0 | |a b | |
| 200 | 1 | |a Application of Wavelet Analysis to Numerical Modeling of Deformations in Multilevel Hierarchical Structures |f R. O. Cherepanov, O. I. Cherepanov, R. A. Krektuleva | |
| 203 | |a Text |c electronic | ||
| 300 | |a Title screen | ||
| 320 | |a [References: 4 tit.] | ||
| 330 | |a This paper proposes a wavelet based numerical method for the solution of elastoplastic problem. The method is based on the Lagrange variational equation of elastic static and the Haar wavelet transform of the components of deformation field. Some examples of analysis of multilevel deformation are shown for the demonstration of the method's capabilities. Some differences in the wavelet spectrums of multilevel inhomogeneous media are shown and discussed. | ||
| 333 | |a Режим доступа: по договору с организацией-держателем ресурса | ||
| 461 | 0 | |0 (RuTPU)RU\TPU\network\4816 |t AIP Conference Proceedings | |
| 463 | 0 | |0 (RuTPU)RU\TPU\network\9779 |t Vol. 1683 : Advanced Materials with Hierarchical Structure for New Technologies and Reliable Structures |o Proceedings of the International Conference, 21–25 September 2015, Tomsk, Russia |f National Research Tomsk Polytechnic University (TPU) ; ed. V. E. Panin ; S. G. Psakhie ; V. M. Fomin |v [020032, 4 p.] |d 2015 | |
| 610 | 1 | |a электронный ресурс | |
| 610 | 1 | |a труды учёных ТПУ | |
| 610 | 1 | |a вейвлет-анализ | |
| 610 | 1 | |a численное моделирование | |
| 610 | 1 | |a деформации | |
| 610 | 1 | |a иерархические структуры | |
| 610 | 1 | |a упругопластические задачи | |
| 610 | 1 | |a уравнения Лагранжа | |
| 700 | 1 | |a Cherepanov |b R. O. |g Roman | |
| 701 | 1 | |a Cherepanov |b O. I. |g Oleg | |
| 701 | 1 | |a Krektuleva |b R. A. |c specialist in the field of welding production |c Associate Professor of Tomsk Polytechnic University, Candidate of physical and mathematical sciences |f 1948- |g Raisa Alekseevna |2 stltpush |3 (RuTPU)RU\TPU\pers\34674 | |
| 712 | 0 | 2 | |a Национальный исследовательский Томский политехнический университет (ТПУ) |b Институт неразрушающего контроля (ИНК) |b Кафедра оборудования и технологии сварочного производства (ОТСП) |h 77 |2 stltpush |3 (RuTPU)RU\TPU\col\18708 |
| 801 | 2 | |a RU |b 63413507 |c 20151203 |g RCR | |
| 856 | 4 | |u http://dx.doi.org/10.1063/1.4932722 | |
| 942 | |c CF | ||